Countries of the World with an Empty Map 1 Hour - Statistics

General Stats
  • This quiz has been taken 164 times
  • The average score is 156 of 196
Answers on the Map
Answers color-coded by a green-red scale on the quiz's map according to % correct below.
 
Answer Stats
Country % Correct
Canada
93%
Brazil
92%
United States
92%
Argentina
90%
China
90%
Colombia
90%
Mexico
90%
United Kingdom
90%
Austria
89%
Belgium
89%
Cuba
89%
France
89%
Germany
89%
Italy
89%
Russia
89%
Afghanistan
87%
Australia
87%
Belarus
87%
Bolivia
87%
Bulgaria
87%
Dominica
87%
Haiti
87%
India
87%
Iran
87%
Iraq
87%
Costa Rica
86%
Czech Republic
86%
Dominican Republic
86%
El Salvador
86%
Finland
86%
Guyana
86%
Indonesia
86%
Luxembourg
86%
Mongolia
86%
Paraguay
86%
Peru
86%
Poland
86%
Spain
86%
Sweden
86%
Ukraine
86%
Uruguay
86%
Albania
85%
Bahamas
85%
Cambodia
85%
Chile
85%
Denmark
85%
Egypt
85%
Georgia
85%
Greece
85%
Guatemala
85%
Hungary
85%
Ireland
85%
Jamaica
85%
Kazakhstan
85%
Nicaragua
85%
North Korea
85%
Norway
85%
Pakistan
85%
Panama
85%
Portugal
85%
Slovakia
85%
Slovenia
85%
South Korea
85%
Switzerland
85%
Turkey
85%
Algeria
83%
Andorra
83%
Belize
83%
Bosnia and Herzegovina
83%
Estonia
83%
Honduras
83%
Kenya
83%
Nepal
83%
New Zealand
83%
Romania
83%
Saudi Arabia
83%
South Africa
83%
Thailand
83%
Turkmenistan
83%
Zimbabwe
83%
Angola
82%
Dem. Rep. of the Congo
82%
Iceland
82%
Ivory Coast
82%
Laos
82%
Latvia
82%
Lithuania
82%
Oman
82%
Serbia
82%
Suriname
82%
Uzbekistan
82%
Vatican City
82%
Venezuela
82%
Vietnam
82%
Yemen
82%
Croatia
80%
Ecuador
80%
Ethiopia
80%
Israel
80%
Japan
80%
Liechtenstein
80%
Malaysia
80%
Niger
80%
Nigeria
80%
Republic of the Congo
80%
Somalia
80%
Zambia
80%
Armenia
79%
Azerbaijan
79%
Bangladesh
79%
Barbados
79%
Benin
79%
Cameroon
79%
Chad
79%
Jordan
79%
Morocco
79%
Philippines
79%
Sudan
79%
Tajikistan
79%
Bhutan
77%
Botswana
77%
Central African Republic
77%
Cyprus
77%
Libya
77%
Madagascar
77%
Monaco
77%
Myanmar
77%
North Macedonia
77%
Papua New Guinea
77%
Rwanda
77%
South Sudan
77%
Tanzania
77%
Burkina Faso
76%
Ghana
76%
Guinea
76%
Kuwait
76%
Lebanon
76%
Mali
76%
Malta
76%
Moldova
76%
Montenegro
76%
Namibia
76%
Netherlands
76%
Sri Lanka
76%
Uganda
76%
Bahrain
75%
Brunei
75%
Djibouti
75%
Fiji
75%
Kosovo
75%
Kyrgyzstan
75%
Senegal
75%
St. Lucia
75%
Syria
75%
Taiwan
75%
Comoros
73%
Eritrea
73%
Eswatini
73%
Mauritania
73%
Qatar
73%
San Marino
73%
Singapore
73%
Togo
73%
Trinidad and Tobago
73%
Tunisia
73%
United Arab Emirates
73%
Antigua and Barbuda
72%
Gabon
72%
Lesotho
72%
Equatorial Guinea
70%
Grenada
70%
Liberia
70%
Maldives
70%
St. Kitts and Nevis
70%
Cape Verde
69%
Gambia
69%
Malawi
69%
Marshall Islands
69%
Mozambique
69%
Samoa
69%
Solomon Islands
69%
St. Vincent and Grenadines
69%
Palau
68%
Tonga
68%
Vanuatu
68%
Mauritius
66%
Nauru
66%
Burundi
65%
Fed. States of Micronesia
65%
Guinea Bissau
65%
Seychelles
65%
Sierra Leone
65%
East Timor
63%
Kiribati
63%
Tuvalu
63%
São Tomé and Príncipe
52%
No matching quizzes found
Score Distribution
Percent of People with Each Score
Percentile by Number Answered
Your Score History
You have not taken this quiz